| 000 | 00726nas a2200241 4500 | ||
|---|---|---|---|
| 001 | BR0205633 | ||
| 003 | BR-BrBNA | ||
| 005 | 20231205103403.0 | ||
| 007 | ta | ||
| 008 | 230509b bl.|||p| |||| 00| 00por d | ||
| 040 |
_aBR-BrBNA _bpor _cBiblioteca Nacional de Agricultura |
||
| 041 | _a(Pt) | ||
| 072 | _aF03 | ||
| 100 | 1 | _aMedeiros, A.C. de S. | |
| 100 | 1 | _aSilva, L.C. da | |
| 245 | 1 | _aEfeitos da secagem na viabilidade das sementes de Ilex paraguariensis St. Hil. | |
| 650 | _aMATE | ||
| 650 | _aSEMENTE | ||
| 650 | _aSECAGEM | ||
| 773 | 0 |
_tBoletim de Pesquisa Florestal (Brazil) _xISSN 1517-6371 _g(Jan-Jun 2001), (no. 42) p. 31-39 _wBR0205633 |
|
| 909 |
_a202311 _bLúcia _c55 _dLúcia Elande |
||
| 942 |
_2AGRIS _n0 _cANA |
||
| 999 |
_c172593 _d172593 |
||